LEADER 01416nam 2200361Ia 450 001 996395741903316 005 20221108034714.0 035 $a(CKB)4330000000321342 035 $a(EEBO)2240887407 035 $a(OCoLC)11217217 035 $a(EXLCZ)994330000000321342 100 $a19841001d1679 uy | 101 0 $aeng 135 $aurbn||||a|bb| 200 14$aThe black book of conscience, or, Gods high court of justice in the soul$b[electronic resource] $ewherein the truth and sincerity, the deceit and hypocrisie of every mans heart and wayes is judged and discovered by their consciences : very seasonable for these times wherein wicked men under pretence of liberty of conscience take liberty to sin and blaspheme /$fby Andrew Jones 205 $a36 edition. 210 $aLondon $cPrinted for Will. Thackeray, T. Passenger, Phil Brooksby and John Williamson$d1679 215 $a[21] p 300 $aReproduction of the original in the Harvard University Library. 330 $aeebo-0062 606 $aConscience 606 $aLiberty of conscience 615 0$aConscience. 615 0$aLiberty of conscience. 700 $aJones$b Andrew$0569681 801 0$bEAE 801 1$bEAE 801 2$bUMI 801 2$bWaOLN 906 $aBOOK 912 $a996395741903316 996 $aThe black book of conscience or, God's high court of justice in the soul$92316955 997 $aUNISA LEADER 02619oam 2200505 450 001 9910828200103321 005 20231130174408.0 010 $a90-04-43251-5 024 7 $a10.1163/9789004432512 035 $a(CKB)4100000011044491 035 $z(OCoLC)1151473327 035 $a(nllekb)BRILL9789004432512 035 $a(MiAaPQ)EBC6262288 035 $a(EXLCZ)994100000011044491 100 $a20201105d2020 uy 0 101 0 $aeng 135 $aurun####uuuua 181 $ctxt$2rdacontent 182 $cc$2rdamedia 183 $2rdacarrier 200 10$aCarlo Passaglia on church and virgin $enew perspectives in systematic theology in light of nineteenth century Catholic renewal /$fValfredo Maria Rossi 210 1$aLeiden ;$aBoston :$cBrill,$d[2020] 210 4$dİ2020 215 $a1 online resource 225 1 $aBrill's studies in Catholic theology ;$vVolume 8 311 0 $a90-04-42684-1 320 $aIncludes bibliographical references and index. 327 $aIntroduction Part 1. De ecclesia Christi Part 2. De Immaculato Deiparae semper Virginis conceptu 330 $aIn Carlo Passaglia on Church and Virgin, Valfredo Maria Rossi traces the significant contribution that Carlo Passaglia (1812-1887) has made to Catholic theology, paying particular attention to his Trinitarian ecclesiology and Mariology. Though highly neglected due to his troubled life, Passaglia is one of the most brilliant theologians of the nineteenth century. Commonly ? and yet erroneously ? ascribed to the Neo-Scholastic movement, he anticipates and so emerges as a forerunner of several themes which will be developed during the Second Vatican Council. In light of Passaglia?s two most relevant theological works ( De Ecclesia Christi and De Immaculato Deiparae semper Virginis Conceptu ), Rossi convincingly shows the originality of Passaglia?s theology, based on a patristic ressourcement highlighting its historical salvific and sacramental dimension. 410 0$aBrill's studies in Catholic theology ;$vVolume 8. 606 $aChurch$xHistory of doctrines 606 $aTheology, Doctrinal$xHistory$y19th century 606 $aTheology, Doctrinal$zItaly$xHistory$y19th century 615 0$aChurch$xHistory of doctrines. 615 0$aTheology, Doctrinal$xHistory 615 0$aTheology, Doctrinal$xHistory 676 $a262.009 700 $aRossi$b Valfredo Maria$01620336 801 0$bMiAaPQ 801 1$bMiAaPQ 801 2$bMiAaPQ 906 $aBOOK 912 $a9910828200103321 996 $aCarlo Passaglia on church and virgin$93953041 997 $aUNINA LEADER 01727oas 2200565 a 450 001 9910702931603321 005 20250610213023.0 011 $a0746-987X 035 $a(OCoLC)497187380 035 $a(CONSER) 2010230606 035 $a(CKB)991042745890120 035 $a(EXLCZ)99991042745890120 100 $a20100112a20079999 ua a 101 0 $aeng 135 $aur||||||||||| 181 $ctxt$2rdacontent 182 $cc$2rdamedia 183 $acr$2rdacarrier 200 00$aAgricultural prices 210 $aMaitland, FL $cU.S. Dept. of Agriculture, National Agricultural Statistics Service, Florida Field Office 215 $aelectronic text, volumes $cHTML, digital, PDF files 517 1 $aPrices reports 606 $aAgricultural prices$zFlorida$vStatistics$vPeriodicals 606 $aFarm produce$zFlorida$vStatistics$vPeriodicals 606 $aAgricultural prices$2fast$3(OCoLC)fst00801206 606 $aFarm produce$2fast$3(OCoLC)fst00921161 607 $aFlorida$2fast$1https://id.oclc.org/worldcat/entity/E39QbtfRBghXPwB89fbdFYcHbM 608 $aPeriodicals.$2fast 608 $aStatistics.$2fast 615 0$aAgricultural prices 615 0$aFarm produce 615 7$aAgricultural prices. 615 7$aFarm produce. 676 $a338.13 712 02$aUnited States.$bNational Agricultural Statistics Service.$bFlorida Field Office. 801 0$bGPO 801 1$bGPO 801 2$bDLC 801 2$bOCLCA 801 2$bOCLCQ 801 2$bOCLCO 801 2$bOCLCF 801 2$bOCLCQ 801 2$bOCLCA 801 2$bOCLCQ 801 2$bOCLCL 906 $aJOURNAL 912 $a9910702931603321 996 $aAgricultural prices$9974805 997 $aUNINA